<?xml version="1.0" encoding="UTF-8"?>
<marc:record xmlns:marc="http://www.loc.gov/MARC21/slim">
   <marc:leader>00000nam a2200000 a 4500</marc:leader>
   <marc:datafield ind1="1" ind2=" " tag="100">
      <marc:subfield code="a">Raabe, Marc</marc:subfield>
      <marc:subfield code="4">aut</marc:subfield>
      <marc:subfield code="e">Verfasser/-in</marc:subfield>
   </marc:datafield>
   <marc:datafield ind1="0" ind2="0" tag="245">
      <marc:subfield code="a">Im Morgengrauen (Art Mayer-Serie 4)</marc:subfield>
   </marc:datafield>
   <marc:datafield ind1="0" ind2="0" tag="245">
      <marc:subfield code="b">Thriller</marc:subfield>
   </marc:datafield>
   <marc:datafield ind1="0" ind2="0" tag="245">
      <marc:subfield code="c">Marc Raabe</marc:subfield>
   </marc:datafield>
   <marc:datafield ind1=" " ind2="1" tag="264">
      <marc:subfield code="a">Berlin</marc:subfield>
      <marc:subfield code="b">Ullstein Paperback</marc:subfield>
      <marc:subfield code="c">2026</marc:subfield>
   </marc:datafield>
   <marc:datafield ind1="1" ind2=" " tag="490">
      <marc:subfield code="a">Art Mayer-Serie</marc:subfield>
      <marc:subfield code="v">4</marc:subfield>
   </marc:datafield>
   <marc:datafield ind1=" " ind2=" " tag="250">
      <marc:subfield code="a">1. Auflage</marc:subfield>
   </marc:datafield>
   <marc:datafield ind1="1" ind2=" " tag="520">
      <marc:subfield code="a">Art Mayer am Limit: sein persönlichster Fall!&#xD;
Bundeskanzler Henrik Westphal ist spurlos verschwunden. Seine Frau Juli fürchtet um sein Leben. Gleichzeitig ist sie bitter enttäuscht, denn ihr Mann hatte ein Verhältnis mit einer 23-Jährigen. &#xD;
BKA-Mann Art Mayer kennt Juli seit seiner Jugend und will tief in seinem Herzen mehr als ihr nur freundschaftlich zur Seite stehen. Als in einem U-Bahntunnel unter dem Brandenburger Tor eine Leiche gefunden wird, sind Art und seine Kollegin Nele Tschaikowski sofort zur Stelle. Die Tote ist eine junge Frau, ohne Kopf, mit einem markanten Tattoo auf dem Unterarm. Ist sie die Affäre des Kanzlers, über die mittlerweile die gesamte Republik spricht? Welche Geheimnisse hatte der Kanzler noch? Als Art selbst unter Verdacht gerät, nimmt der Fall eine dramatische Wendung – wer stellt ihm eine Falle? </marc:subfield>
   </marc:datafield>
   <marc:datafield ind1=" " ind2=" " tag="020">
      <marc:subfield code="a">9783864933653</marc:subfield>
      <marc:subfield code="9">9783864933653</marc:subfield>
   </marc:datafield>
   <marc:datafield ind1=" " ind2=" " tag="020">
      <marc:subfield code="a">386493365X</marc:subfield>
      <marc:subfield code="9">386493365X</marc:subfield>
   </marc:datafield>
   <marc:datafield ind1=" " ind2=" " tag="041">
      <marc:subfield code="a">ger</marc:subfield>
   </marc:datafield>
   <marc:datafield ind1=" " ind2=" " tag="300">
      <marc:subfield code="a">576 Seiten</marc:subfield>
   </marc:datafield>
</marc:record>
